Droit des libertés fondamentales
Guardat en:
| Autors principals: | , , , , , , , , |
|---|---|
| Format: | Llibre |
| Idioma: | francès |
| Publicat: |
París, France
Dalloz
2005
|
| Edició: | 3e. édition |
| Matèries: | |
| Etiquetes: |
Afegir etiqueta
Sense etiquetes, Sigues el primer a etiquetar aquest registre!
|
MARC
| LEADER | 00000cam a2200000 a 4500 | ||
|---|---|---|---|
| 001 | UCC9835 | ||
| 003 | CL-VaPUC | ||
| 005 | 20210504001425.0 | ||
| 008 | 191117e20050000fr fre d | ||
| 999 | |c 184808 |d 184806 | ||
| 020 | |a 224705823X | ||
| 040 | |c Pontificia Universidad Católica de Valparaíso | ||
| 082 | 0 | 4 | |a 323.4 FAV 2005 |b |2 21 |
| 100 | 1 | |a Favoreau, Louis |e author |9 605160 | |
| 245 | 1 | 0 | |a Droit des libertés fondamentales |
| 250 | |a 3e. édition | ||
| 260 | |a París, France |b Dalloz |c 2005 | ||
| 300 | |a 576 páginas | ||
| 583 | |a last modification |c 20191117 22:03:00 |k cmena | ||
| 650 | 0 | 0 | |a Derechos fundamentales |9 254841 |
| 650 | 0 | 0 | |a Derechos humanos |9 223025 |
| 650 | 0 | 0 | |a Filosofía del derecho |9 255050 |
| 700 | 1 | |a Gaia, Patrick |e author |9 254842 | |
| 700 | 1 | |a Ghevontian, Richard |e author |9 605161 | |
| 700 | 1 | |a Mélin-Soucramanien, Ferdinand |e author |9 605162 | |
| 700 | 1 | |a Pfersmann, Otto |e author |9 605163 | |
| 700 | 1 | |a Pini, Joseph |e author |9 605164 | |
| 700 | 1 | |a Roux, André |e author |9 605165 | |
| 700 | 1 | |a Scoffoni, Guy |e author |9 605166 | |
| 700 | 1 | |a Tremeau, Jerome |e author |9 605167 | |
| 852 | |a BIBCUR | ||
| 942 | |c BK |2 ddc | ||
| 945 | |a dcastane |d 20191117 22:03:00 | ||
| 952 | |0 0 |1 0 |3 erb |4 0 |6 323_400000000000000_FAV_2005 |7 0 |8 A |9 495454 |a BIBDER |b BIBDER |d 2019-11-11 |e Precht Pizarro, Jorge Enrique |i 5609976 |o 323.4 FAV 2005 |p 5609976 |r 2023-01-25 |w 2020-01-06 |y BK |z Catalogado en:20191117 |k DER | ||